| 000 | 00648nam a2200229 a 4500 | ||
|---|---|---|---|
| 005 | 20210219153328.0 | ||
| 008 | 991125n 000 0 u | ||
| 035 | _aUPN01000091541 | ||
| 100 | 1 | _aJames, Wayne Blue | |
| 222 | _aNEW DIRECTIONS FOR ADULT AND CONTINUING EDUCATION | ||
| 245 | _aShould adult and continuing education professionals be certified? | ||
| 300 | _a123-138 | ||
| 362 | 0 | _a1992 No. 54 | |
| 653 | 0 | _aCERTIFICACION DOCENTE | |
| 653 | 0 | _aEDUCADOR DE ADULTOS | |
| 700 | 1 | _aGalbraith, Michael W., | |
| 700 | 1 | _ecoaut. | |
| 700 | 1 | _aWhite, Barbara A., | |
| 700 | 1 | _ecoaut. | |
| 904 |
_aAC _b029352 |
||
| 905 | _aArticulo | ||
| 999 |
_c74022 _d74022 |
||